000 00568cam a22002052 4500
001 0000008609
005 20151217155216.0
008 080505s xx 000 0 eng d
020 _a818281071x :
_cKES 1075
040 _aKABU
_cKABU
100 1 _aJhingan, M. L.
_@0000154929
245 1 0 _aMicroeconomic theory /
_cM. L. Jhingan.
250 _a6th ed.
260 _aNew Delhi :
_bVrinda,
_c2007.
300 _axvi, 790 p.
650 0 _aMicroeconomics.
_@0000149944
908 _a080505
950 _@1
999 _c12007
_d12007